header

Ten Shiny Snowflakes (Record no. 260957)

MARC details
000 -LEADER
fixed length control field 00217nam a22000977a 4500
020 ## - INTERNATIONAL STANDARD BOOK NUMBER
ISBN 9780545808286
100 ## - MAIN ENTRY--AUTHOR NAME
Personal name Russell Julian
245 ## - TITLE STATEMENT
Title Ten Shiny Snowflakes
260 ## - PUBLICATION, DISTRIBUTION, ETC. (IMPRINT)
Place of publication New York
Name of publisher Scholastic
Year of publication 2012
942 ## - ADDED ENTRY ELEMENTS (KOHA)
Koha item type Long Loan Books
Holdings
Withdrawn status Lost status Collection code Home library Current library Shelving location Date acquired Accession Number Koha item type
    Fiction Rongo University Library Rongo University Library Children's Area 25/10/2023 CL20222243 Long Loan Books

© 2026 Rongo University
Contact us: librarian | system librarian | Rongo university